000 00288nam a22001337a 4500
008 181217b xxu||||| |||| 00| 0 eng d
020 _a9780393974775
041 _aeng
080 _22nd
_aC
100 _a11
101 _aBIO
245 _aHow Humans Evolved
_cBoyd,R
942 _2udc
_cBK
999 _c53169
_d53169